000 00943nam a2200229 a 4500
001 000041367
005 20201002034828.0
008 131001s2001 sp abc 000 0 spa d
020 _a8400063058
040 _aDO-SdBNP
_bspa
_cBNPHU
082 _axxx
_bxxxx
100 1 _aHeredia Moreno, María del Carmen
_968017
245 1 3 _aLa edad de oro de la platería complutense :
_b(1500-1650) /
_cMaría del Carmen Heredia Moreno, Amelia López-Yarto Elizalde.
260 _aMadrid, España :
_bDepartamento de historia del arte
_bInstituto de historia
_bConsejo superior de investigaciones científicas,
_c2001.
300 _a365 p. :
_bil., map. retr. ;
_c28 cm.
490 1 _aBiblioteca de historia del arte
_v3
504 _aBibliografía p: 336-344
500 _aIncluye índice de piezas
500 _aIncluye índice de ilustraciones
700 1 _aLópez-Yarto Elizalde, Amelia
_968018
830 0 _aBiblioteca de historia del arte
_v3
_967935
999 _c40857
_d40857